| 000 | 00643nam a22001691i 4500 | ||
|---|---|---|---|
| 001 | 180844 | ||
| 003 | ES-MaACL | ||
| 005 | 20230906221208.0 | ||
| 008 | 120719s1904 sp |||| | spa d | ||
| 100 | 1 |
_aSanz Barrio, José. _9151059 |
|
| 245 | 1 | 0 |
_aTratamiento del pie zambo equino-varo congénito _b: memoria escrita para el ejercicio del grado de Doctor / _cpor José Sanz Barrio. |
| 260 |
_aHuesca : _b[s.n.], _c1904 ( _fEst. tip. de Leandro Pérez) |
||
| 300 |
_a40 p. ; _c21 cm. |
||
| 594 | _aPrecede al tít.: Facultad de Medicina de Madrid. | ||
| 650 | 4 |
_aPies- _xAnomalías y malformaciones. _9147198 |
|
| 852 |
_aES-MaACL _jT-1049-F-7 |
||
| 999 |
_c180844 _d180844 |
||